000 00590nam a22001937a 4500
005 20251108170556.0
008 250721s1998 xx 000 0 ara d
082 1 4 _aط/ق/بجي
100 1 _aالبجيرمي، سامي
_eمؤلف
245 1 0 _aمع الدب /
264 1 _aالقاهره :
_bدار الرشاد،
_c1998.
300 _a15ص.
490 0 _aسلسلة سفينة الاصدقاء
_v1
650 1 7 _aأدب الأطفال
650 1 7 _aالقصص القصيرة
653 _aاطفال مرحلة متوسطة (6-9) سنوات
942 _2ddc
_cBK
999 _c43896
_d43896